[Event "Mondariz op 7th"]
[Site "Mondariz"]
[Date "2000.07.27"]
[Round "2"]
[White "Andrade, Leonardo"]
[Black "Pogorelov, Ruslan"]
[Result "0-1"]
[WhiteElo "2208"]
[BlackElo "2445"]
[PlyCount "98"]
[EventDate "2000.07.26"]
[EventType "swiss"]
[EventRounds "9"]
[EventCountry "ESP"]
[SourceTitle "EXT 2001"]
[Source "ChessBase"]
[SourceDate "2000.11.22"]
[SourceVersion "1"]
[SourceVersionDate "2000.11.22"]
[SourceQuality "1"]

1. c4 Nf6 2. g3 c6 3. Bg2 d5 4. b3 dxc4 5. bxc4 Qd4 6. Nc3 Qxc4 7. Nf3 Nbd7 8. Ba3 e5 9. Bxf8 Kxf8 10. 0-0 g6 11. Rc1 Kg7 12. d4 exd4 13. Nxd4 Qb4 14. e4 Rd8 15. Nb3 Qe7 16. Qe2 Nb6 17. f4 Be6 18. e5 Ne8 19. Ne4 Bd5 20. Rfe1 Rac8 21. Nbc5 Rc7 22. Bh3 Bxe4 23. Qxe4 Rd5 24. Qe3 Kg8 25. f5 Nd7 26. f6 Nexf6 27. exf6 Qxe3+ 28. Rxe3 Nxf6 29. Rf3 Kg7 30. Rb3 b6 31. Na6 Re7 32. Rxc6 Rd2 33. Rf3 Rxa2 34. Rcxf6 Rxa6 35. Bf1 Ra1 36. Kg2 Ra2+ 37. Kh3 Rc2 38. Bb5 h5 39. Ba4 Rd2 40. Bb5 Rc7 41. Ba4 Rb2 42. Bc6 b5 43. R3f4 a5 44. Bd5 Rcc2 45. Kh4 Rc5 46. Rd6 Rd2 47. Rd7 g5+ 48. Kxh5 gxf4 49. Rxf7+ Kg8 0-1

[Event "POR-chT"]
[Site "Aveiro"]
[Date "2000.06.23"]
[Round "7"]
[White "Andrade, Leonardo"]
[Black "Charneira, Hermenegildo"]
[Result "1-0"]
[WhiteElo "2208"]
[BlackElo "2154"]
[PlyCount "109"]
[EventDate "2000.06.11"]
[EventType "team-swiss"]
[EventRounds "9"]
[EventCountry "POR"]
[SourceTitle "EXT 2001"]
[Source "ChessBase"]
[SourceDate "2000.11.22"]
[SourceVersion "1"]
[SourceVersionDate "2000.11.22"]
[SourceQuality "1"]

1. c4 a6 2. g3 h5 3. h4 e5 4. Bg2 Nh6 5. Nf3 Nc6 6. d4 exd4 7. Nxd4 Bb4+ 8. Nc3 Qf6 9. Nxc6 dxc6 10. 0-0 Bf5 11. Nd5 cxd5 12. Qa4+ Qc6 13. Qxb4 Qxc4 14. Qxb7 0-0 15. Bxh6 gxh6 16. Qxd5 Qxd5 17. Bxd5 Rab8 18. b3 Rfe8 19. e3 Re5 20. Rfd1 Rb6 21. Rac1 Rd6 22. Bc4 Rf6 23. Rd5 Re7 24. Rcd1 Be4 25. Rd7 Rxd7 26. Rxd7 Bf3 27. Rd4 Kg7 28. Kf1 a5 29. Be2 Bb7 30. f4 Rc6 31. Bc4 a4 32. e4 axb3 33. axb3 Bc8 34. Ke2 Rg6 35. Kf2 c5 36. Rd8 Rc6 37. e5 Bg4 38. Bd3 f6 39. Bc4 fxe5 40. fxe5 Kg6 41. Rf8 Kg7 42. Rg8+ Kh7 43. Ke3 Rb6 44. Rd8 Kg7 45. Ke4 Rc6 46. Rd6 Rc7 47. Rf6 Bh3 48. Rf2 Rd7 49. e6 Rd1 50. Ke5 Bg4 51. e7 Bd7 52. Bd5 Re1+ 53. Kd6 Be8 54. Rf8 Bb5 55. Rb8 1-0